Análisis moderno de circuitos

Збережено в:
Бібліографічні деталі
Автори: Calahan, Donald A (Автор), McNee, Alan B (Автор), McMahon, E. Lawrence (Автор)
Формат: Книга
Мова:Іспанська
Опубліковано: Ciudad de México Interamericana 1977
Предмети:
Теги: Додати тег
Немає тегів, Будьте першим, хто поставить тег для цього запису!

MARC

LEADER 00000nam a2200000 a 4500
001 UCU5705
003 CL-VaPUC
008 960604e19770000MX |||||||||||||||||spa|d
082 0 4 |a 621.31  |b CAL  |2 21 
100 0 |a Calahan, Donald A  |e author  |9 363664 
700 0 |a McNee, Alan B  |e author  |9 363665 
700 0 |a McMahon, E. Lawrence  |e author  |9 363666 
245 1 0 |a Análisis moderno de circuitos 
300 |a 413 p 
942 |c BK 
945 |d 19960604 00:00:00  |a paguirre 
260 |a Ciudad de México  |b Interamericana  |c 1977 
650 0 |a Circuitos eléctricos   |9 260262 
650 0 |a Circuitos  |9 263339 
650 0 |a Electricidad  |9 260222 
650 7 |a TECNOLOGIA ELECTRICA  |2 CL-VaPUC  |9 336952 
650 7 |a BOBINAS ELECTRICAS  |2 CL-VaPUC  |9 363667 
650 0 |a Corrientes eléctricas   |9 354960 
650 7 |a TRANSPORTE DE ENERGIA ELECTRICA  |2 CL-VaPUC  |9 359786 
583 |a last modification  |c 19960604 00:00:00  |k Rodrigo Vera 
999 |c 248909  |d 248907 
952 |0 0  |1 0  |4 0  |6 621_310000000000000_CAL_1977  |7 0  |8 A  |9 265853  |a BIBING  |b BIBING  |d 2019-11-19  |i 1680463  |o 621.31 CAL 1977  |p 1680463  |r 2025-01-20  |w 2019-11-19  |y BK  |k EIE 
952 |0 0  |1 0  |4 0  |6 621_310000000000000_CAL_1977  |7 0  |8 A  |9 265854  |a BIBING  |b BIBING  |d 2019-11-19  |i 1680412  |o 621.31 CAL 1977  |p 1680412  |r 2025-01-20  |w 2019-11-19  |y BK  |k EIE